| 000 | 00611nam a2200217Ia 4500 | ||
|---|---|---|---|
| 008 | 101110s9999 xx 000 0 und d | ||
| 041 | _aENGLISH | ||
| 082 | _bSR25219 | ||
| 100 | _aChopade L.N.; Choudhuri D.H.; Kishor Mehta; Gandhi M.A. | ||
| 245 | _aAccountancy and finacial management (SYBCOM) | ||
| 260 |
_c2004 _bSheth Prakashan |
||
| 300 | _a744 | ||
| 365 | _b170 | ||
| 520 | _aCommerce | ||
| 546 | _aENGLISH | ||
| 630 | _aAccountancy and finacial management (SYBCOM) | ||
| 650 | _aCommerce | ||
| 655 | _aCommerce | ||
| 730 | _aAccountancy and finacial management (SYBCOM) | ||
| 942 | _cBOOK | ||
| 999 |
_c817867 _d817864 |
||